000
00285nam a2200097Ia 4500
001
649698
005
20250826153746.0
008
250824s9999 xx 000 0 und d
245
0
_a
ŞİRİN KENDİMİ DURDURAMIYORUM 4 HAYVANLARI KURTAR OPE
_c
BİRSEN EKİM ÖZEN
260
_b
TİMAŞ ÇOCUK
999
_c
649698
_d
649698